00293nam a2200097Ia 4500008004100000020001500041100002800056245005200084260004100136300001800177180205s9999 xx 000 0 und d a9718928340 aBauzon, Ma. Josefina V. cEvangelista, Teresita T.aRhythmic activities / aDagupan CitybPublishing housec2000 aii, 124 pages